[Event "Schackstudions IM-turnering"]
[Site "Lund"]
[Date "2009.03.04"]
[Round "7"]
[White "Smith, Axel"]
[Black "Paredes Estrada, Alex"]
[Result "1-0"]
[WhiteElo "2391"]
[BlackElo "1888"]
[PlyCount "75"]
[EventDate "2009.??.??"]
[EventRounds "11"]
[EventCountry "SWE"]
[EventCategory "1"]
[SourceDate "2009.02.10"]

1. g3 Nf6 2. Bg2 e6 3. Nf3 Be7 4. O-O O-O 5. c4 c5 6. Nc3 Nc6 7. d4 d6 8. d5
Na5 9. b3 Rb8 10. e4 a6 11. Qd3 b5 12. Bd2 Bd7 13. e5 Ng4 14. exd6 Bxd6 15.
dxe6 Bxe6 16. Ng5 Nf6 17. Nxe6 fxe6 18. cxb5 axb5 19. Nxb5 Bc7 20. Qxd8 Rfxd8
21. Nxc7 Rxd2 22. Na6 Rc8 23. Rfc1 Nd7 24. b4 Nc6 25. Bxc6 Rxc6 26. Nxc5 Ne5
27. b5 Rb6 28. a4 Kf7 29. Rd1 Rc2 30. Nd7 Nxd7 31. Rxd7+ Kf6 32. Rd3 Rb2 33.
Raa3 Rb8 34. Rdb3 Rxb3 35. Rxb3 Ke5 36. a5 Kd5 37. a6 Kc5 38. a7 1-0

[Event "Schackstudions IM-turnering"]
[Site "Lund"]
[Date "2009.03.31"]
[Round "8"]
[White "Olsson, Linus"]
[Black "De Verdier, Michael"]
[Result "1/2-1/2"]
[WhiteElo "2337"]
[BlackElo "2174"]
[PlyCount "47"]
[EventDate "2009.??.??"]
[EventRounds "11"]
[EventCountry "SWE"]
[EventCategory "1"]
[SourceDate "2009.02.10"]

1. Nf3 Nf6 2. c4 e6 3. Nc3 d5 4. d4 dxc4 5. e3 a6 6. a4 c5 7. Bxc4 Nc6 8. O-O
Be7 9. Qe2 cxd4 10. Rd1 e5 11. exd4 exd4 12. Nxd4 Nxd4 13. Qe3 O-O 14. Rxd4 Qc7
15. Qf4 Qxf4 16. Bxf4 Bc5 17. Rd2 Be6 18. Bxe6 fxe6 19. Bd6 Rfd8 20. Rad1 Rac8
21. g3 Bb6 22. Be7 Rxd2 23. Rxd2 Ba5 24. Bxf6 1/2-1/2

[Event "Schackstudions IM-turnering"]
[Site "Lund"]
[Date "2009.03.31"]
[Round "8"]
[White "Quinn, David"]
[Black "Smith, Axel"]
[Result "0-1"]
[WhiteElo "2019"]
[BlackElo "2391"]
[PlyCount "36"]
[EventDate "2009.??.??"]
[EventRounds "11"]
[EventCountry "SWE"]
[EventCategory "1"]
[SourceDate "2009.02.10"]

1. d4 d5 2. c4 e5 3. dxe5 d4 4. e4 Nc6 5. f4 f6 6. Nf3 fxe5 7. Bd3 Bb4+ 8. Kf2
Nf6 9. Rf1 O-O 10. Kg1 exf4 11. Bxf4 Ng4 12. Ne1 Be6 13. Nc2 Bd6 14. g3 Bxf4
15. gxf4 Nxh2 16. Qh5 Nxf1 17. e5 g6 18. Bxg6 Qe7 0-1

[Event "Schackstudions IM-turnering"]
[Site "Lund"]
[Date "2009.04.14"]
[Round "9"]
[White "De Verdier, Michael"]
[Black "Tikkanen, Hans"]
[Result "1/2-1/2"]
[WhiteElo "2174"]
[BlackElo "2422"]
[PlyCount "75"]
[EventDate "2009.??.??"]
[EventRounds "11"]
[EventCountry "SWE"]
[EventCategory "1"]
[SourceDate "2009.02.10"]

1. d4 Nf6 2. Nf3 d6 3. c4 Bf5 4. Nc3 Qc8 5. h3 h6 6. g4 Bh7 7. Bg2 Nbd7 8. d5
Nc5 9. Be3 Nce4 10. Nxe4 Bxe4 11. O-O e6 12. dxe6 fxe6 13. Nh4 Bh7 14. f4 Be7
15. g5 hxg5 16. fxg5 Nd7 17. Qd4 Ne5 18. Nf3 c5 19. Qc3 Qc7 20. Nxe5 dxe5 21.
Qb3 O-O-O 22. Rf7 Rd7 23. Rxg7 Bf5 24. Bf2 Qd8 25. e4 Bh7 26. g6 Bg8 27. Qg3
Qf8 28. Rxe7 Qxe7 29. Qxe5 Rh6 30. Bg3 Rd3 31. Qb8+ Kd7 32. Qxb7+ Ke8 33. Qc8+
Qd8 34. Qc6+ Qd7 35. Qa8+ Qd8 36. Qc6+ Qd7 37. Qa8+ Qd8 38. Qc6+ 1/2-1/2

[Event "Schackstudions IM-turnering"]
[Site "Lund"]
[Date "2009.04.14"]
[Round "9"]
[White "Grandelius, Nils"]
[Black "Rasmussen, Rogvi W"]
[Result "1-0"]
[WhiteElo "2464"]
[BlackElo "2167"]
[PlyCount "65"]
[EventDate "2009.??.??"]
[EventRounds "11"]
[EventCountry "SWE"]
[EventCategory "1"]
[SourceDate "2009.02.10"]

1. Nf3 Nf6 2. g3 g6 3. c4 Bg7 4. Bg2 O-O 5. O-O c6 6. d4 d6 7. Nc3 Qa5 8. h3
Be6 9. Nd2 Qa6 10. d5 cxd5 11. cxd5 Bd7 12. Nb3 b5 13. a3 Qc8 14. Kh2 a5 15. a4
b4 16. Nb5 Qb7 17. Qd3 Rc8 18. Bd2 Ne8 19. N5d4 Bf6 20. e4 Qa6 21. Qe3 Nc7 22.
f4 Bg7 23. e5 Be8 24. e6 fxe6 25. dxe6 Nc6 26. Rac1 Nxd4 27. Nxd4 Bxa4 28. f5
Ne8 29. fxg6 hxg6 30. b3 Bb5 31. Nxb5 Qxb5 32. Bxa8 Rxa8 33. Qf3 1-0

[Event "Schackstudions IM-turnering"]
[Site "Lund"]
[Date "2009.04.14"]
[Round "9"]
[White "Paredes Estrada, Alex"]
[Black "Quinn, David"]
[Result "0-1"]
[WhiteElo "1888"]
[BlackElo "2019"]
[PlyCount "96"]
[EventDate "2009.??.??"]
[EventRounds "11"]
[EventCountry "SWE"]
[EventCategory "1"]
[SourceDate "2009.02.10"]

1. d4 c5 2. d5 e5 3. Nf3 d6 4. g3 Nf6 5. Bg2 Be7 6. O-O O-O 7. c4 Nbd7 8. Nc3
a6 9. a4 b6 10. e4 Ne8 11. Qd3 g6 12. Bh6 Ng7 13. Rae1 Nf6 14. h3 Kh8 15. Nd2
Ng8 16. Bxg7+ Kxg7 17. f4 f6 18. Nd1 Bd7 19. b3 Nh6 20. Ne3 Nf7 21. f5 b5 22.
axb5 axb5 23. h4 g5 24. Bf3 Ra2 25. Bh5 Qa5 26. Nf3 h6 27. Rf2 Rb8 28. Rxa2
Qxa2 29. Re2 Qa3 30. Bxf7 Kxf7 31. Nd2 Kg7 32. Kf2 Bd8 33. Nb1 Qa1 34. Nd1 bxc4
35. Qc2 Qd4+ 36. Kg2 cxb3 37. Qd2 Bb5 38. Re3 Qxd2+ 39. Nxd2 c4 40. Nb2 Bb6 41.
Rf3 Rc8 42. Nxb3 cxb3 43. Rxb3 Rc2+ 44. Kh1 Bd4 45. Rxb5 Rxb2 46. Ra5 Bc5 47.
hxg5 hxg5 48. Ra4 Rb4 0-1

[Event "Schackstudions IM-turnering"]
[Site "Lund"]
[Date "2009.04.14"]
[Round "9"]
[White "Semcesen, Daniel"]
[Black "Olsson, Linus"]
[Result "1-0"]
[WhiteElo "2395"]
[BlackElo "2337"]
[PlyCount "59"]
[EventDate "2009.??.??"]
[EventRounds "11"]
[EventCountry "SWE"]
[EventCategory "1"]
[SourceDate "2009.02.10"]

1. c4 c5 2. g3 e6 3. Bg2 Nf6 4. Nf3 Nc6 5. O-O d5 6. cxd5 exd5 7. d4 Be7 8.
dxc5 Bxc5 9. Qc2 Be7 10. Nc3 O-O 11. Rd1 Qa5 12. Be3 Rd8 13. a3 Be6 14. b4 Qc7
15. Nb5 Qd7 16. Nbd4 Nxd4 17. Bxd4 Bf5 18. Qb3 Be4 19. Rac1 Qb5 20. Bf1 a5 21.
Bc5 Bxc5 22. Rxc5 Qb6 23. Nd4 axb4 24. Qxb4 Qxb4 25. axb4 Rd7 26. f3 Bg6 27.
Rdc1 h6 28. Bh3 Re7 29. Rc7 Rae8 30. b5 1-0

[Event "Schackstudions IM-turnering"]
[Site "Lund"]
[Date "2009.04.29"]
[Round "10"]
[White "Burmeister, Rick"]
[Black "Grandelius, Nils"]
[Result "0-1"]
[WhiteElo "2345"]
[BlackElo "2464"]
[PlyCount "42"]
[EventDate "2009.??.??"]
[EventRounds "11"]
[EventCountry "SWE"]
[EventCategory "1"]
[SourceDate "2009.02.10"]

1. f4 g6 2. Nf3 Bg7 3. e3 Nf6 4. Be2 O-O 5. O-O c5 6. d4 cxd4 7. exd4 e6 8.
Nbd2 b6 9. Nc4 Qc7 10. a4 Ba6 11. Na3 Bxe2 12. Qxe2 Rc8 13. c3 a6 14. Ne5 d6
15. Nd3 Nc6 16. b4 Nd5 17. Bb2 Nxc3 18. Bxc3 Nxd4 19. Bxd4 Bxd4+ 20. Kh1 Bxa1
21. Rxa1 Qc3 0-1

[Event "Schackstudions IM-turnering"]
[Site "Lund"]
[Date "2009.04.15"]
[Round "10"]
[White "Olsson, Linus"]
[Black "Smith, Axel"]
[Result "1/2-1/2"]
[WhiteElo "2337"]
[BlackElo "2391"]
[PlyCount "38"]
[EventDate "2009.??.??"]
[EventRounds "11"]
[EventCountry "SWE"]
[EventCategory "1"]
[SourceDate "2009.02.10"]

1. Nf3 Nf6 2. c4 c6 3. Nc3 d5 4. d4 a6 5. c5 Bf5 6. Bf4 Nbd7 7. e3 e6 8. Nd2 h6
9. Be2 Bg6 10. O-O Be7 11. b4 O-O 12. a4 Nh7 13. h3 e5 14. Bh2 exd4 15. exd4
Bf6 16. Nb3 Ng5 17. b5 axb5 18. axb5 Re8 19. Qd2 Ne4 1/2-1/2

[Event "Schackstudions IM-turnering"]
[Site "Lund"]
[Date "2009.04.21"]
[Round "10"]
[White "Rasmussen, Rogvi W"]
[Black "De Verdier, Michael"]
[Result "1/2-1/2"]
[WhiteElo "2167"]
[BlackElo "2174"]
[PlyCount "34"]
[EventDate "2009.??.??"]
[EventRounds "11"]
[EventCountry "SWE"]
[EventCategory "1"]
[SourceDate "2009.02.10"]

1. e4 c5 2. Nf3 e6 3. d4 cxd4 4. Nxd4 Nc6 5. Nc3 Qc7 6. Be3 a6 7. Bd3 Nf6 8.
O-O Nxd4 9. Bxd4 Bc5 10. Bxc5 Qxc5 11. Kh1 d6 12. Qe1 e5 13. a4 O-O 14. f3 Qb4
15. a5 Bd7 16. Nd5 Qxe1 17. Nxf6+ gxf6 1/2-1/2

[Event "Schackstudions IM-turnering"]
[Site "Lund"]
[Date "2009.04.07"]
[Round "10"]
[White "Tikkanen, Hans"]
[Black "Semcesen, Daniel"]
[Result "1-0"]
[WhiteElo "2422"]
[BlackElo "2395"]
[PlyCount "89"]
[EventDate "2009.??.??"]
[EventRounds "11"]
[EventCountry "SWE"]
[EventCategory "1"]
[SourceDate "2009.02.10"]

1. d4 e6 2. c4 b6 3. a3 Bb7 4. Nc3 f5 5. d5 Nf6 6. Nf3 Na6 7. b4 Bd6 8. g3 c6
9. dxe6 dxe6 10. Bg2 c5 11. O-O O-O 12. b5 Nc7 13. Bf4 Bxf4 14. gxf4 Qxd1 15.
Rfxd1 Bxf3 16. Bxf3 Rad8 17. a4 Rxd1+ 18. Rxd1 Rb8 19. a5 Kf7 20. axb6 axb6 21.
Ra1 Nce8 22. Ra7+ Kf8 23. e3 Nd6 24. Be2 Nc8 25. Ra6 Ne8 26. Kf1 Nc7 27. Bf3
Ke7 28. Ke2 Ne8 29. Kd3 Ned6 30. Bc6 Nb7 31. Na4 Nbd6 32. f3 Nf7 33. e4 Nd8 34.
Ba8 Kd7 {(=)} 35. Kc3 g6 36. Nb2 Nf7 37. Nd3 Kd6 38. Ra1 Ke7 39. Bc6 Kf6 40.
Bd7 e5 41. Bxc8 Rxc8 42. Ra6 fxe4 43. Rxb6+ Kf5 44. fxe4+ Kxe4 45. fxe5 1-0

[Event "Schackstudions IM-turnering"]
[Site "Lund"]
[Date "2009.04.28"]
[Round "11"]
[White "De Verdier, Michael"]
[Black "Burmeister, Rick"]
[Result "1-0"]
[WhiteElo "2174"]
[BlackElo "2345"]
[PlyCount "65"]
[EventDate "2009.??.??"]
[EventRounds "11"]
[EventCountry "SWE"]
[EventCategory "1"]
[SourceDate "2009.02.10"]

1. d4 e6 2. Nf3 f5 3. c4 d5 4. e3 Nf6 5. Bd3 c6 6. O-O Be7 7. b3 O-O 8. Ba3 b6
9. Bxe7 Qxe7 10. Qc2 Bb7 11. cxd5 cxd5 12. Rc1 Nc6 13. Qb2 Rac8 {(=)} 14. Nc3
Ne4 15. Bb5 g5 16. Bxc6 Bxc6 17. Ne5 Nf6 18. Rc2 Bb7 19. Rac1 a6 20. Na4 Qd6
21. b4 Rxc2 22. Rxc2 Rc8 23. Rxc8+ Bxc8 24. b5 a5 25. Qc3 Bb7 26. f3 Kf8 27.
Nc5 Bc8 28. Ne4 dxe4 29. Qxc8+ Ne8 30. Qd7 Qc7 31. h3 exf3 {(=)} 32. Qxe6 Nd6
33. Nd7+ 1-0

[Event "Schackstudions IM-turnering"]
[Site "Lund"]
[Date "2009.04.27"]
[Round "11"]
[White "Semcesen, Daniel"]
[Black "Rasmussen, Rogvi W"]
[Result "1/2-1/2"]
[WhiteElo "2394"]
[BlackElo "2167"]
[PlyCount "98"]
[EventDate "2009.??.??"]
[EventRounds "11"]
[EventCountry "SWE"]
[EventCategory "1"]
[SourceDate "2009.02.10"]

1. d4 Nf6 2. c4 g6 3. Nc3 Bg7 4. e4 O-O 5. Nf3 d6 6. h3 Na6 7. Bg5 h6 8. Be3 e5
9. d5 Nc5 10. Nd2 a5 11. Be2 Bd7 12. O-O Nh7 13. Nb3 Nxb3 14. axb3 f5 15. exf5
gxf5 16. f4 exf4 17. Bxf4 b6 18. Qd2 Qf6 19. Kh2 Ng5 20. Bd3 Rae8 21. Rae1 Qd4
22. Rxe8 Rxe8 23. Nd1 Rf8 24. Re1 Be5 25. Rf1 Ne4 26. Qe3 Qxe3 27. Nxe3 Nd2 28.
Rf2 Ne4 29. Bxe4 fxe4 30. g3 Bg7 31. Kg2 Ra8 32. Rc2 h5 33. g4 hxg4 34. Nxg4
Kf7 35. Kg3 a4 36. b4 a3 37. bxa3 Rxa3+ 38. Kg2 Bd4 39. Rd2 Bc3 40. Rf2 Kg6 41.
c5 Bxb4 42. cxb6 cxb6 43. Bxd6 Bxd6 44. Rf6+ Kg5 45. Rxd6 Bxg4 46. hxg4 Kxg4
47. Kf2 Kf4 48. Rf6+ Ke5 49. Rxb6 Kxd5 1/2-1/2

[Event "Schackstudions IM-turnering"]
[Site "Lund"]
[Date "2009.04.28"]
[Round "11"]
[White "Smith, Axel"]
[Black "Tikkanen, Hans"]
[Result "1/2-1/2"]
[WhiteElo "2391"]
[BlackElo "2422"]
[PlyCount "25"]
[EventDate "2009.??.??"]
[EventRounds "11"]
[EventCountry "SWE"]
[EventCategory "1"]
[SourceDate "2009.02.10"]

1. Nf3 Nc6 2. e4 e5 3. Bb5 a6 4. Ba4 Nf6 5. O-O Be7 6. Re1 b5 7. Bb3 O-O 8. h3
d6 9. c3 Re8 10. d4 Bb7 11. Ng5 Rf8 12. Nf3 Re8 13. Ng5 1/2-1/2